Benjamin Franklin : An American Life
| Main Author: | |
|---|---|
| Format: | Book |
| Published: |
New York :
Simon & Schuster ,
2003
|
| Subjects: |
MARC
| LEADER | 00000cam a2200000 7i4500 | ||
|---|---|---|---|
| 001 | 0000047053 | ||
| 005 | 20040823.0 | ||
| 008 | 040823s2003 | ||
| 020 | |a 0684804610 | ||
| 090 | 0 | 0 | |a R 973.3'092 ISA |
| 100 | 1 | |a Isaacson, walter | |
| 245 | 1 | 0 | |a Benjamin Franklin : |b An American Life |c Walter Isaacson |
| 260 | |a New York : |b Simon & Schuster , |c 2003 | ||
| 300 | |a x,590p ; |c 25cm. | ||
| 650 | 0 | 0 | |a Franklin,Benjamin-1706-1790 |
| 999 | |a 226401 |b Buku |c Rak Terbuka |e Perbadanan Perpustakaan Awam Melaka | ||